[Event "25th European Teams Women"]
[Site "Batumi GEO"]
[Date "2025.10.08"]
[Round "4.16"]
[Board "3"]
[White "Briem, Gudrun Fanney"]
[Black "Lehtinen, Helja"]
[Result "0-1"]
[WhiteTitle "WCM"]
[WhiteElo "1981"]
[BlackElo "1953"]
[WhiteTeam "Iceland"]
[BlackTeam "Finland"]
[WhiteFideId "2317486"]
[BlackFideId "515566"]
[EventDate "2025.10.05"]

1. d4 Nf6 2. c4 e6 3. g3 c5 4. d5 exd5 5. cxd5 d6 6. a4 g6 7. Ra3 Bg7 8. Re3+
Kf8 9. Ra3 Nbd7 10. Nc3 a6 11. e4 Qe7 12. Qe2 h6 13. Nf3 Rb8 14. a5 b5 15. axb6
Nxb6 16. Nd2 Kg8 17. Bg2 Kh7 18. O-O Re8 19. Qd1 Qc7 20. h3 Bd7 21. Rxa6 Qc8 22.
Rxb6 Rxb6 23. Nc4 Ra6 24. Bf4 Bf8 25. e5 Nh5 26. Qf3 Nxf4 27. Qxf4 dxe5 28. Nxe5
Bg7 29. Nc4 Rf6 30. Qd2 Bxh3 31. Ne4 Rxe4 32. Bxe4 Bxf1 33. Kxf1 Ra6 34. Kg2 Bd4
35. Qf4 Rf6 36. Qd2 Rxf2+ 37. Qxf2 Bxf2 38. Kxf2 Qg4 39. Nd2 Qd1 40. Ke3 Qe1+
41. Kd3 Qxg3+ 42. Bf3 g5 43. Kc4 Qf4+ 44. Kd3 f5 45. Ke2 g4 46. Bg2 h5 47. b3 h4
48. Nc4 h3 49. Bf1 Qf3+ 50. Ke1 h2 51. d6 h1=Q 0-1

[Event "25th European Teams Women"]
[Site "Batumi GEO"]
[Date "2025.10.08"]
[Round "4.16"]
[Board "4"]
[White "Rinne, Heini"]
[Black "Helgadottir, Idunn"]
[Result "0-1"]
[BlackTitle "WCM"]
[WhiteElo "1887"]
[BlackElo "1874"]
[WhiteTeam "Finland"]
[BlackTeam "Iceland"]
[WhiteFideId "513423"]
[BlackFideId "2314118"]
[EventDate "2025.10.05"]

1. d4 d5 2. Nf3 Nf6 3. g3 Bf5 4. Bg2 e6 5. c4 c6 6. Nc3 Nbd7 7. Qb3 Qb6 8. c5
Qxb3 9. axb3 a6 10. b4 Rc8 11. h3 h6 12. g4 Bh7 13. Bf4 g5 14. Bh2 Bg7 15. Nd2
Ng8 16. e3 Ne7 17. Nb3 e5 18. Na5 O-O 19. O-O f5 20. gxf5 Nxf5 21. Nxd5 cxd5 22.
Bxd5+ Kh8 23. Bxb7 Rce8 24. d5 Nh4 25. d6 Bd3 26. Rfd1 e4 27. Bg3 Be5 28. Rxd3
exd3 29. Bc6 Bxg3 30. fxg3 Nf3+ 31. Kg2 Rxe3 32. Bxf3 Rfxf3 33. Nc4 Rxg3+ 34.
Kf2 Ref3+ 35. Ke1 Rg1+ 36. Kd2 Rxa1 37. c6 Nb8 38. Ne5 Rf2+ 39. Kxd3 Rd1+ 40.
Ke3 Nxc6 0-1

[Event "25th European Teams Women"]
[Site "Batumi GEO"]
[Date "2025.10.08"]
[Round "4.17"]
[Board "1"]
[White "Valcu, Lavinia"]
[Black "Ivekovic, Tihana"]
[Result "1/2-1/2"]
[BlackTitle "WFM"]
[WhiteElo "2223"]
[BlackElo "2078"]
[WhiteTeam "Sweden"]
[BlackTeam "Croatia"]
[WhiteFideId "1752197"]
[BlackFideId "14517825"]
[EventDate "2025.10.05"]

1. e4 e5 2. Nf3 Nc6 3. Bc4 Bc5 4. c3 Nf6 5. d4 exd4 6. b4 Be7 7. e5 Ne4 8. b5
Na5 9. Bd3 d5 10. exd6 Nxd6 11. cxd4 O-O 12. O-O Bf5 13. Bxf5 Nxf5 14. Qa4 Bf6
15. Qxa5 Nxd4 16. Nc3 b6 17. Qb4 Nc2 18. Qb2 Qd3 19. Bd2 Nxa1 20. Qxa1 Rad8 21.
Qc1 Rfe8 22. Nd1 Qxb5 23. Ne3 Qa4 24. Bc3 Bxc3 25. Qxc3 Qxa2 26. Nf5 f6 27. Qxc7
Qf7 28. Qg3 Qg6 29. Qf4 Qf7 30. N3d4 Qd7 31. h4 Re5 32. Rc1 Kh8 33. h5 h6 34.
Rc3 Rd5 35. Rc7 Rxd4 36. Rxd7 Rxf4 37. Rxd8+ Kh7 38. Ne7 Rh4 39. f4 Rxh5 40. f5
Rg5 41. Ra8 a5 42. Rb8 h5 43. Rxb6 Rg4 44. Ra6 Re4 45. Ra7 a4 46. Kf2 Re5 47.
Kf3 a3 48. Kf4 a2 49. Ng6 Re2 50. Ra8 Rf2+ 51. Ke4 Kh6 52. Nf4 Rb2 53. Ra7 Rb4+
54. Kf3 Rb3+ 55. Ke4 Rb4+ 56. Ke3 Rb5 57. Rxa2 Rxf5 58. Ra8 Kh7 59. Ke4 Re5+ 60.
Kf3 Rf5 61. Kg3 Re5 62. Rd8 g6 63. Rd7+ Kh6 64. Rf7 Kg5 65. Kf3 Ra5 66. g3 Ra3+
67. Kf2 Ra2+ 68. Ke3 Ra3+ 69. Kf2 Ra2+ 70. Ne2 Kf5 71. Re7 g5 72. Kf3 Ra3+ 73.
Kg2 Ra2 74. Kh3 Kg6 75. Kg2 Kf5 76. Kf1 Ra1+ 77. Kf2 Ra2 78. Rb7 h4 79. Rb5+ Kg4
80. Rb4+ Kh5 81. gxh4 1/2-1/2

[Event "25th European Teams Women"]
[Site "Batumi GEO"]
[Date "2025.10.08"]
[Round "4.17"]
[Board "2"]
[White "Radikovic, Anamarija"]
[Black "Wickstrom, Carina"]
[Result "1-0"]
[WhiteTitle "WFM"]
[WhiteElo "2053"]
[BlackElo "1915"]
[WhiteTeam "Croatia"]
[BlackTeam "Sweden"]
[WhiteFideId "14546264"]
[BlackFideId "1743201"]
[EventDate "2025.10.05"]

1. e4 c6 2. Nc3 d5 3. Nf3 dxe4 4. Nxe4 Nf6 5. Qe2 Nxe4 6. Qxe4 Be6 7. c4 Nd7 8.
d4 Nf6 9. Qe3 Bf5 10. Be2 e6 11. O-O Bd6 12. Bd3 Bg6 13. h3 Rc8 14. Bd2 Bb8 15.
b4 Qd6 16. Bc3 Nh5 17. Bxg6 hxg6 18. Rad1 Nf4 19. d5 f6 20. c5 Qd7 21. d6 Nd5
22. Qd3 Kf7 23. Rfe1 b6 24. a3 a5 25. Qd4 Rh7 26. Bb2 Ba7 27. Re2 Re8 28. Rde1
Rh5 29. Qc4 Qb7 30. Qg4 Qd7 31. Bc1 Rhh8 32. Nd4 bxc5 33. Rxe6 Rxe6 34. Nxe6
Qxd6 35. bxc5 Bxc5 36. Nxc5 Qxc5 37. Qe6+ Kf8 38. Qe8# 1-0

[Event "25th European Teams Women"]
[Site "Batumi GEO"]
[Date "2025.10.08"]
[Round "4.17"]
[Board "3"]
[White "Andersson, Elsa"]
[Black "Mihaljevic, Eva"]
[Result "0-1"]
[WhiteElo "1880"]
[BlackElo "2041"]
[WhiteTeam "Sweden"]
[BlackTeam "Croatia"]
[WhiteFideId "1757300"]
[BlackFideId "14573016"]
[EventDate "2025.10.05"]

1. e4 c5 2. Nf3 d6 3. d4 cxd4 4. Nxd4 Nf6 5. Nc3 a6 6. f3 e6 7. Be3 b5 8. Qd2
Nbd7 9. g4 b4 10. Na4 h6 11. O-O-O Qc7 12. h4 d5 13. Rg1 dxe4 14. g5 hxg5 15.
hxg5 Nd5 16. g6 N7f6 17. gxf7+ Kxf7 18. fxe4 Nxe4 19. Qd3 Ndf6 20. Bg2 Bb7 21.
Rdf1 Rh4 22. Bf2 Qf4+ 23. Be3 Qc7 24. Bf2 Qf4+ 25. Be3 Qd6 26. Nf3 Rg4 27. Qxd6
Bxd6 28. Rd1 Nd5 29. Bd4 Nf4 30. Bf1 Rxg1 31. Nxg1 Rh8 32. Be3 Nd5 33. Bd4 Bf4+
34. Kb1 e5 35. Ba7 Nd2+ 36. Ka1 Nxf1 37. Rxf1 Bc6 38. b3 Bxa4 39. bxa4 Ke6 40.
Ne2 Rh2 41. Nxf4+ exf4 42. Kb2 Kf5 43. Rd1 Ne3 44. Rd7 Rxc2+ 45. Kb3 Rg2 46.
Kxb4 Rg6 47. Ka5 Nc4+ 48. Kb4 Ne5 49. Rd5 f3 50. Kc3 Re6 51. Kd2 Kg4 52. Bf2 Kh3
53. Bd4 Kg2 54. Kc3 f2 55. Bxf2 Kxf2 56. Rd2+ Kf3 57. Rd1 Rc6+ 58. Kb4 g5 0-1

[Event "25th European Teams Women"]
[Site "Batumi GEO"]
[Date "2025.10.08"]
[Round "4.17"]
[Board "4"]
[White "Hajdinic, Ema"]
[Black "Harshavardhini, M.S."]
[Result "1-0"]
[WhiteTitle "WCM"]
[WhiteElo "2058"]
[BlackElo "1859"]
[WhiteTeam "Croatia"]
[BlackTeam "Sweden"]
[WhiteFideId "14567059"]
[BlackFideId "35061747"]
[EventDate "2025.10.05"]

1. e4 c5 2. Nc3 d6 3. d4 cxd4 4. Qxd4 a6 5. b3 Nc6 6. Qd2 g6 7. Bb2 Bg7 8. O-O-O
Nf6 9. f3 O-O 10. Kb1 Qa5 11. Nge2 b5 12. g4 Bb7 13. h4 Ne5 14. Bg2 Rfd8 15. Nf4
d5 16. Ncxd5 Qxd2 17. Rxd2 Nxd5 18. exd5 e6 19. Rhd1 exd5 20. Nxd5 Bxd5 21. Rxd5
Rxd5 22. Rxd5 Re8 23. Rd1 Bf8 24. Re1 Rd8 25. Bxe5 Bc5 26. Bf1 Bf2 27. Bf6 Rc8
28. Rd1 Re8 29. Rd8 Kf8 30. Rxe8+ Kxe8 31. c4 bxc4 32. Bxc4 Bc5 33. Bxa6 1-0

[Event "25th European Teams Women"]
[Site "Batumi GEO"]
[Date "2025.10.08"]
[Round "4.18"]
[Board "1"]
[White "Dornbusch, Tatiana"]
[Black "Arakhamia-Grant, Ketevan"]
[Result "0-1"]
[WhiteTitle "WGM"]
[BlackTitle "GM"]
[WhiteElo "2240"]
[BlackElo "2269"]
[WhiteTeam "Monaco"]
[BlackTeam "Scotland"]
[WhiteFideId "14107449"]
[BlackFideId "13600168"]
[EventDate "2025.10.05"]

1. d4 Nf6 2. Nc3 d5 3. Bf4 a6 4. e3 e6 5. Nf3 c5 6. Be2 Nc6 7. Ne5 cxd4 8. exd4
Bd6 9. Nxc6 bxc6 10. Bxd6 Qxd6 11. Na4 O-O 12. O-O e5 13. dxe5 Qxe5 14. c3 Rb8
15. Re1 Qg5 16. Qc1 Qh4 17. Nc5 a5 18. b3 h6 19. Qe3 Re8 20. Qg3 Qxg3 21. hxg3
Bf5 22. Bf1 Ne4 23. Nxe4 dxe4 24. Rad1 Rbd8 25. Be2 Kf8 26. Kf1 Be6 27. Rxd8
Rxd8 28. Rd1 Ra8 29. Rd4 f5 30. Ra4 c5 31. Bb5 Ke7 32. Ke1 Bd5 33. Kd2 Kd6 34.
Ke3 g5 35. Ke2 Kc7 36. f3 Kb6 37. Bd7 Rf8 38. g4 exf3+ 39. gxf3 f4 40. b4 cxb4
41. cxb4 axb4 42. Rxb4+ Kc5 43. Ra4 Rb8 44. Ra3 Rb2+ 45. Ke1 Bxa2 46. Bf5 Bc4
47. Be4 Kd4 48. Kd1 Rh2 49. Ke1 h5 50. gxh5 g4 51. Ra5 g3 52. Ba8 Rh1+ 53. Kd2
g2 0-1

[Event "25th European Teams Women"]
[Site "Batumi GEO"]
[Date "2025.10.08"]
[Round "4.18"]
[Board "2"]
[White "Donitova-Johnstone, Darima"]
[Black "Zvereva, Marija"]
[Result "0-1"]
[BlackTitle "WIM"]
[WhiteElo "1800"]
[BlackElo "2003"]
[WhiteTeam "Scotland"]
[BlackTeam "Monaco"]
[WhiteFideId "2410036"]
[BlackFideId "4121082"]
[EventDate "2025.10.05"]

1. d4 Nf6 2. Bf4 g6 3. e3 Bg7 4. Nf3 b6 5. Be2 Bb7 6. O-O O-O 7. c4 c5 8. Nc3
cxd4 9. exd4 d6 10. h3 Nbd7 11. Rc1 Rc8 12. Re1 Re8 13. d5 a6 14. Qd2 Nc5 15. b4
Nce4 16. Nxe4 Nxe4 17. Qe3 Nf6 18. Qd2 Qd7 19. Ng5 h6 20. Nf3 Kh7 21. g4 Red8
22. Kh2 e5 23. Be3 b5 24. Rg1 bxc4 25. Bxc4 e4 26. Nh4 Qe7 27. Bb3 Rxc1 28. Rxc1
Nxg4+ 29. hxg4 Qxh4+ 30. Kg2 Qxg4+ 31. Kf1 Qh3+ 32. Kg1 Rc8 33. Bf4 Qd7 34. Kg2
g5 35. Bg3 Rxc1 36. Qxc1 f5 37. Qc2 Kh8 38. f4 exf3+ 39. Kxf3 f4 40. Bf2 Bc8 41.
Kg2 Qh3+ 42. Kg1 Bf5 43. Qc4 Bd3 44. Qc1 f3 0-1

[Event "25th European Teams Women"]
[Site "Batumi GEO"]
[Date "2025.10.08"]
[Round "4.18"]
[Board "3"]
[White "Ince, Safiye Oyku"]
[Black "Reid, Caitlin"]
[Result "0-1"]
[WhiteTitle "WCM"]
[WhiteElo "1998"]
[BlackElo "1652"]
[WhiteTeam "Monaco"]
[BlackTeam "Scotland"]
[WhiteFideId "6391222"]
[BlackFideId "2405059"]
[EventDate "2025.10.05"]

1. e4 c5 2. Nf3 g6 3. d4 Bg7 4. dxc5 Qa5+ 5. c3 Qxc5 6. Be3 Qc6 7. Bd3 Nf6 8.
Nd4 Qc7 9. a4 Nc6 10. Na3 d5 11. Nab5 Qd7 12. Nxc6 bxc6 13. e5 Ng4 14. e6 Qb7
15. Qxg4 Bxe6 16. Qb4 cxb5 17. Qxb5+ Qd7 18. O-O O-O 19. Qxd7 Bxd7 20. Bc5 Rfb8
21. Ra2 e5 22. Re1 e4 23. Ba6 Be6 24. Bb5 Rc8 25. Bd4 Bxd4 26. cxd4 a6 27. Bf1
Rc2 28. Re2 Rc1 29. Rd2 Rac8 30. Ra3 Bg4 31. f3 exf3 32. Kf2 R8c2 33. Rxc2 Rxc2+
34. Kg3 fxg2 35. Bxg2 Be6 36. Rb3 h5 37. Bf1 g5 38. h4 gxh4+ 39. Kxh4 Bg4 40.
Bxa6 f6 41. Rb6 Rh2+ 42. Kg3 Rh3+ 43. Kg2 Kg7 44. Bb7 Rd3 45. a5 h4 46. a6 h3+
47. Kg1 Rxd4 48. a7 Rd1+ 49. Kf2 h2 50. Bxd5 Rxd5 51. a8=Q h1=Q 52. Rb7+ Kg6 53.
Qg8+ Kf5 54. Qc8+ Ke5 55. Re7+ Kf4 56. Qc4+ Kg5 57. Rg7+ Kh6 58. Qxg4 Rd2+ 59.
Kg3 Rg2+ 60. Kf4 Rxg4+ 61. Rxg4 Qf1+ 62. Kg3 Qd3+ 63. Kh4 f5 64. Rf4 Qd8+ 65.
Kg3 Qg5+ 66. Kf3 Qh5+ 67. Ke3 Kg5 68. Rf2 Qe8+ 69. Kf3 Qe4+ 70. Kg3 f4+ 71. Kh2
f3 72. b4 Qf4+ 73. Kg1 Qc1+ 74. Rf1 Qe3+ 75. Rf2 Qe1+ 76. Rf1 f2+ 77. Kg2 Qxb4
78. Rxf2 Kg4 79. Re2 Qb7+ 80. Kf2 Qb6+ 81. Ke1 Kf3 82. Rc2 Qe3+ 83. Kd1 Qd3+ 84.
Kc1 Ke3 85. Kb2 Qb5+ 86. Kc1 Qf1+ 87. Kb2 Qf6+ 88. Ka3 Kd3 89. Rc1 Qa6+ 90. Kb4
Qb6+ 91. Ka4 Qd4+ 92. Kb3 Qb6+ 93. Ka4 Qb2 94. Rc5 Kd4 95. Rc7 Qa2+ 96. Kb5 Qd5+
97. Kb6 Qd8 98. Kc6 Kc4 99. Rd7 Qf6+ 100. Rd6 Qf3+ 101. Kd7 Kc5 102. Re6 Qb7+
103. Ke8 Kd5 104. Re7 Qc8+ 105. Kf7 Qf5+ 106. Kg7 Kd6 107. Rf7 Qg5+ 108. Kh7 Ke6
109. Rg7 Qh5+ 110. Kg8 Kf6 111. Rc7 Qg5+ 112. Kf8 Qh6+ 113. Ke8 Qh5+ 114. Kd7
Qd5+ 115. Kc8 Ke6 116. Rb7 Qc6+ 117. Kb8 Kd6 118. Rb4 Qc7+ 119. Ka8 Qa5+ 0-1

[Event "25th European Teams Women"]
[Site "Batumi GEO"]
[Date "2025.10.08"]
[Round "4.18"]
[Board "4"]
[White "McCusker, Kirsty"]
[Black "Dubois, Martine"]
[Result "0-1"]
[BlackTitle "WIM"]
[WhiteElo "1543"]
[BlackElo "1891"]
[WhiteTeam "Scotland"]
[BlackTeam "Monaco"]
[WhiteFideId "2404397"]
[BlackFideId "601926"]
[EventDate "2025.10.05"]

1. c4 e5 2. Nc3 Nf6 3. g3 c6 4. d4 e4 5. d5 Bc5 6. e3 d6 7. Bg2 Bf5 8. Nge2 O-O
9. O-O Re8 10. b3 Nbd7 11. Nd4 Bxd4 12. Qxd4 c5 13. Qd2 Ne5 14. f3 exf3 15. Bxf3
Nxf3+ 16. Rxf3 Qd7 17. Bb2 Bg4 18. Rf4 Nh5 19. Rf2 Re7 20. Re1 Rae8 21. e4 h6
22. Qc2 f5 23. Kg2 f4 24. gxf4 Bh3+ 25. Kh1 Qg4 26. Rg1 Qh4 27. Bc1 Nf6 28. f5
Nxe4 29. Rf4 Qh5 30. Nxe4 Rxe4 31. Rgf1 Rxf4 32. Bxf4 Bxf1 33. Qf2 Qd1 34. h4
Re2 35. Qg1 Bg2+ 36. Kh2 Be4+ 0-1

[Event "25th European Teams Women"]
[Site "Batumi GEO"]
[Date "2025.10.09"]
[Round "5.1"]
[Board "1"]
[White "Wagner, Dinara"]
[Black "Kashlinskaya, Alina"]
[Result "1/2-1/2"]
[WhiteTitle "IM"]
[BlackTitle "IM"]
[WhiteElo "2410"]
[BlackElo "2450"]
[WhiteTeam "Germany"]
[BlackTeam "Poland"]
[WhiteFideId "24157570"]
[BlackFideId "4198026"]
[EventDate "2025.10.05"]

1. d4 Nf6 2. c4 e6 3. Nf3 d5 4. Nc3 Bb4 5. Qa4+ Nc6 6. e3 O-O 7. Bd2 dxc4 8.
Bxc4 Bd6 9. Qc2 a6 10. a3 e5 11. dxe5 Nxe5 12. Nxe5 Bxe5 13. f4 Bxf4 14. exf4
Re8+ 15. Be2 Bg4 16. Kf1 Bf5 17. Qxf5 Qxd2 18. Rd1 Qxb2 19. Qd3 h5 20. g3 Rad8
21. Qxd8 Rxd8 22. Rxd8+ Kh7 23. Rd3 c5 24. Kg2 c4 25. Rf3 Nd5 26. Kh3 Nxc3 27.
Bxc4 f5 28. Bd3 Ne4 29. Bxe4 fxe4 30. Re3 b5 31. Rhe1 a5 32. Rxe4 Qxa3 33. Re5
Qd3 34. Rxh5+ Kg8 35. Ree5 Qd7+ 36. Kg2 Qd2+ 37. Kh3 Qd7+ 38. Kh4 Qd2 39. h3
Qd8+ 40. Rhg5 a4 41. Rxb5 a3 42. Ra5 Qe7 43. Ra6 Kh8 44. Ra5 Kg8 45. Ra6 Kh8 46.
f5 Qe4+ 47. g4 Qe7 48. f6 Qe1+ 49. Kh5 Qe8+ 50. Kh4 Qe1+ 51. Kh5 Qe8+ 52. Kh4 1/2-1/2

[Event "25th European Teams Women"]
[Site "Batumi GEO"]
[Date "2025.10.09"]
[Round "5.1"]
[Board "2"]
[White "Maltsevskaya, Aleksandra"]
[Black "Safarli, Josefine"]
[Result "1/2-1/2"]
[WhiteTitle "IM"]
[BlackTitle "WGM"]
[WhiteElo "2394"]
[BlackElo "2276"]
[WhiteTeam "Poland"]
[BlackTeam "Germany"]
[WhiteFideId "24174041"]
[BlackFideId "12900460"]
[EventDate "2025.10.05"]

1. e4 e5 2. Nf3 Nc6 3. Bb5 a6 4. Ba4 Nf6 5. O-O Be7 6. Re1 b5 7. Bb3 O-O 8. a4
b4 9. d4 d6 10. dxe5 Nxe5 11. Nxe5 dxe5 12. Qe2 Bc5 13. h3 a5 14. Nd2 Bb7 15.
Bc4 Qe7 16. Bd3 Ne8 17. Nb3 Bb6 18. c3 Rd8 19. Be3 Nf6 20. Bc2 Ra8 21. Red1 bxc3
22. bxc3 Rfd8 23. Nd2 Ba6 24. Qf3 Nd7 25. Bb3 Bxe3 26. Qxe3 Rab8 27. Bc4 Bb7 28.
Nb3 Ra8 29. Bd5 Rdb8 30. Bxb7 Rxb7 31. Rxd7 Qxd7 32. Nc5 Qc6 33. Nxb7 Qxb7 34.
Qc5 Qxe4 35. Qxc7 g6 36. c4 Qd4 37. Rb1 Qe4 38. Rc1 Qf4 39. Rd1 h5 40. g3 Qe4
41. h4 Qe2 42. Rd8+ Rxd8 43. Qxd8+ Kh7 44. Qd5 Kg8 45. c5 e4 46. Qd8+ Kh7 47.
Qd7 Kg7 48. c6 e3 49. Qd4+ Kf8 50. Qc5+ Ke8 51. Qe5+ Kf8 52. Qc5+ Ke8 1/2-1/2

[Event "25th European Teams Women"]
[Site "Batumi GEO"]
[Date "2025.10.09"]
[Round "5.1"]
[Board "3"]
[White "Schulze, Lara"]
[Black "Kiolbasa, Oliwia"]
[Result "0-1"]
[WhiteTitle "FM"]
[BlackTitle "IM"]
[WhiteElo "2319"]
[BlackElo "2388"]
[WhiteTeam "Germany"]
[BlackTeam "Poland"]
[WhiteFideId "12956830"]
[BlackFideId "1154613"]
[EventDate "2025.10.05"]

1. e4 c5 2. Nf3 e6 3. c3 Nf6 4. e5 Nd5 5. Bc4 d6 6. d4 cxd4 7. cxd4 Nc6 8. O-O
Be7 9. Qe2 O-O 10. Rd1 Na5 11. Bd3 Nb4 12. Nc3 Nxd3 13. Rxd3 d5 14. Ne1 f6 15.
Rh3 Rf7 16. Nd3 Nc6 17. Be3 Bd7 18. Rd1 Rc8 19. Nf4 fxe5 20. dxe5 d4 21. Qh5 g5
22. Rg3 dxe3 23. Nxe6 exf2+ 24. Kf1 Qe8 25. Nxg5 Rg7 26. Qh6 Nxe5 27. Ne6 Rxg3
28. hxg3 Bb5+ 29. Ne2 Bxe2+ 30. Kxe2 Qb5+ 0-1

[Event "25th European Teams Women"]
[Site "Batumi GEO"]
[Date "2025.10.09"]
[Round "5.1"]
[Board "4"]
[White "Socko, Monika"]
[Black "Dolzhykova, Kateryna"]
[Result "1/2-1/2"]
[WhiteTitle "GM"]
[BlackTitle "WGM"]
[WhiteElo "2356"]
[BlackElo "2300"]
[WhiteTeam "Poland"]
[BlackTeam "Germany"]
[WhiteFideId "1106619"]
[BlackFideId "14113414"]
[EventDate "2025.10.05"]

1. d4 Nf6 2. Nf3 g6 3. c4 Bg7 4. g3 d6 5. Bg2 O-O 6. O-O c5 7. Nc3 Nc6 8. dxc5
dxc5 9. Bf4 Be6 10. Ne5 Nh5 11. Nxc6 bxc6 12. Be3 Rb8 13. Bxc5 Rxb2 14. Qxd8
Rxd8 15. Rac1 Bxc4 16. Bxe7 Rdd2 17. Nd1 Bxe2 18. Nxb2 Bxf1 19. Kxf1 Bxb2 20.
Re1 Bd4 21. Re2 Rd1+ 22. Re1 Rd2 23. Re2 Rd1+ 24. Re1 Rd2 25. Re2 1/2-1/2

[Event "25th European Teams Women"]
[Site "Batumi GEO"]
[Date "2025.10.09"]
[Round "5.2"]
[Board "1"]
[White "Dzagnidze, Nana"]
[Black "Daulyte-Cornette, Deimante"]
[Result "1/2-1/2"]
[WhiteTitle "GM"]
[BlackTitle "IM"]
[WhiteElo "2496"]
[BlackElo "2386"]
[WhiteTeam "Georgia 1"]
[BlackTeam "France"]
[WhiteFideId "13601903"]
[BlackFideId "12802859"]
[EventDate "2025.10.05"]

1. d4 Nf6 2. c4 e6 3. Nc3 d5 4. cxd5 exd5 5. Bg5 c6 6. e3 Bd6 7. Bd3 O-O 8. Qc2
h6 9. Bh4 Re8 10. Nge2 a5 11. h3 Na6 12. a3 Nc7 13. O-O Ne6 14. f3 Be7 15. Bf2
Nh5 16. g4 Ng5 17. Kg2 Nf6 18. Ng3 Bf8 19. Rae1 c5 20. dxc5 Bxc5 21. Nb5 b6 22.
Qd2 Nfe4 23. Qc2 Nxf2 24. Qxf2 Ba6 25. a4 Rc8 26. Re2 Rc6 27. Rd1 Rce6 28. Nf5
Rf6 29. h4 Ne6 30. Qg3 Bb7 31. Nc3 Nc7 32. h5 Bc8 33. Nb5 Nxb5 34. Bxb5 Bxf5 35.
Bxe8 Qxe8 36. gxf5 Rxf5 37. f4 Qxa4 38. Rh1 Qc4 39. Qf3 Qd3 40. Rh3 Bd6 41. Rg3
Qe4 42. Qxe4 dxe4 43. Rd2 Be7 44. Rh3 Rb5 45. Kg3 Rb3 46. Kg4 Bf6 47. Rhh2 Rxe3
48. Kf5 Re1 49. Rde2 Rxe2 50. Rxe2 e3 51. Ke4 g6 52. hxg6 fxg6 53. b3 Kf7 54.
Rxe3 h5 55. Rd3 Ke6 56. Rg3 Kf7 57. f5 gxf5+ 58. Kxf5 Bd4 59. Rh3 Ke7 60. Ke4
Bc5 61. Kd5 Kd7 62. Rxh5 Kc7 63. Rh7+ Kb8 64. Kc6 Ka8 65. Kb5 Kb8 66. Ka6 Kc8
67. Rb7 Bd4 68. Rxb6 Bxb6 69. Kxb6 a4 70. bxa4 Kb8 71. a5 Ka8 72. a6 Kb8 73. a7+
Ka8 74. Ka6 1/2-1/2

[Event "25th European Teams Women"]
[Site "Batumi GEO"]
[Date "2025.10.09"]
[Round "5.2"]
[Board "2"]
[White "Milliet, Sophie"]
[Black "Batsiashvili, Nino"]
[Result "0-1"]
[WhiteTitle "IM"]
[BlackTitle "GM"]
[WhiteElo "2360"]
[BlackElo "2469"]
[WhiteTeam "France"]
[BlackTeam "Georgia 1"]
[WhiteFideId "623725"]
[BlackFideId "13602993"]
[EventDate "2025.10.05"]

1. Nf3 Nf6 2. c4 e6 3. g3 c5 4. Bg2 d5 5. d4 cxd4 6. O-O Be7 7. cxd5 Nxd5 8.
Nxd4 O-O 9. Nc3 Nxc3 10. bxc3 e5 11. Nb3 Qc7 12. Qc2 Be6 13. Rb1 Nd7 14. Nd2
Rab8 15. a4 b6 16. Nb3 Rbc8 17. Bd2 Nf6 18. a5 b5 19. e4 Rfd8 20. Rfd1 b4 21. c4
Qxc4 22. Qxc4 Bxc4 23. Rdc1 Bd3 24. Rxc8 Rxc8 25. Re1 Rc2 26. Be3 a6 27. Rd1 Rc3
28. Nd2 Be2 29. Re1 Bb5 30. Bf1 Bxf1 31. Rxf1 h6 32. Rb1 Rc2 33. h3 Ne8 34. Nf3
f6 35. Nh4 Kf7 36. Nf5 Bf8 37. Bb6 Rc4 38. Ne3 Rc6 39. Nd5 Rc4 40. Ne3 Rc3 41.
Nd5 Ra3 42. Nxb4 Bxb4 43. Rxb4 Nd6 44. Bc7 Nb5 45. Rc4 Rc3 46. Rxc3 Nxc3 47. f3
Ke6 48. Kf2 Kd7 49. Bb6 Kc6 50. g4 Na4 51. Be3 Kb5 52. Bd2 Nb2 53. h4 Nc4 54.
Bc3 Nxa5 55. g5 hxg5 56. hxg5 Nc6 57. Kg3 Kc4 58. gxf6 gxf6 59. Bb2 a5 60. Kg4
Nd4 61. Ba3 a4 62. Be7 Kd3 63. Bd6 Ke3 64. Bc5 Ke2 65. f4 Kd3 66. fxe5 fxe5 67.
Kg3 Kxe4 68. Kf2 Kd3 69. Ke1 e4 70. Kd1 e3 71. Bb4 Nc2 72. Ba5 a3 73. Kc1 a2 0-1

[Event "25th European Teams Women"]
[Site "Batumi GEO"]
[Date "2025.10.09"]
[Round "5.2"]
[Board "3"]
[White "Khotenashvili, Bella"]
[Black "Navrotescu, Andreea"]
[Result "1/2-1/2"]
[WhiteTitle "GM"]
[BlackTitle "WGM"]
[WhiteElo "2416"]
[BlackElo "2257"]
[WhiteTeam "Georgia 1"]
[BlackTeam "France"]
[WhiteFideId "13602640"]
[BlackFideId "675946"]
[EventDate "2025.10.05"]

1. Nf3 Nf6 2. c4 b6 3. d3 Bb7 4. e4 d6 5. Nc3 g6 6. Be2 Bg7 7. h3 O-O 8. Bg5 c5
9. Qd2 Re8 10. h4 Nbd7 11. h5 Nxh5 12. Rxh5 gxh5 13. Nh4 f6 14. Bf4 Ne5 15. Bxh5
e6 16. Bxe8 Qxe8 17. O-O-O a6 18. Qe2 b5 19. Be3 b4 20. Nb1 Ng6 21. Rh1 Nxh4 22.
Rxh4 f5 23. Nd2 Qg6 24. Qh5 Rf8 25. g3 Rf7 26. exf5 exf5 27. Qxg6 hxg6 28. Nb3
Bf6 29. Rh2 Re7 30. Kc2 Bf3 1/2-1/2

[Event "25th European Teams Women"]
[Site "Batumi GEO"]
[Date "2025.10.09"]
[Round "5.2"]
[Board "4"]
[White "Guichard, Pauline"]
[Black "Arabidze, Meri"]
[Result "1/2-1/2"]
[WhiteTitle "IM"]
[BlackTitle "IM"]
[WhiteElo "2330"]
[BlackElo "2417"]
[WhiteTeam "France"]
[BlackTeam "Georgia 1"]
[WhiteFideId "639370"]
[BlackFideId "13604040"]
[EventDate "2025.10.05"]

1. d4 d5 2. c4 e6 3. Nf3 Nf6 4. Nc3 h6 5. cxd5 exd5 6. Bf4 Bd6 7. Ne5 O-O 8. e3
c5 9. Be2 a6 10. O-O Be6 11. Bf3 cxd4 12. exd4 Nc6 13. Qd2 Ne7 14. Rfe1 Rc8 15.
Rad1 Re8 16. h3 Nf5 17. Ng4 Bb4 18. a3 Bxc3 19. bxc3 Nxg4 20. hxg4 Nd6 21. Bxd6
Qxd6 22. Qb2 Qd7 23. a4 Red8 24. Re5 Qxa4 25. Qxb7 Rxc3 26. Qb6 Rcc8 27. g5 Qc6
28. Qb4 hxg5 29. Rxg5 Qd6 30. Qd2 f6 31. Rg3 Bf5 32. Ra1 Be4 33. Bxe4 dxe4 34.
Qa2+ Qd5 35. Qxa6 Ra8 36. Qf1 Qxd4 37. Re1 Ra2 38. Rge3 Re8 39. Qb5 Re5 40. Qb8+
Kf7 41. Qb7+ Kf8 42. Qb8+ Re8 43. Qxe8+ Kxe8 44. Rxe4+ Qxe4 45. Rxe4+ 1/2-1/2

[Event "25th European Teams Women"]
[Site "Batumi GEO"]
[Date "2025.10.09"]
[Round "5.3"]
[Board "1"]
[White "Osmak, Yuliia"]
[Black "Salimova, Nurgyul"]
[Result "1/2-1/2"]
[WhiteTitle "IM"]
[BlackTitle "IM"]
[WhiteElo "2464"]
[BlackElo "2385"]
[WhiteTeam "Ukraine"]
[BlackTeam "Bulgaria"]
[WhiteFideId "14101602"]
[BlackFideId "2915138"]
[EventDate "2025.10.05"]

1. d4 d5 2. c4 e6 3. Nf3 Nf6 4. Nc3 c5 5. e3 Nc6 6. a3 a6 7. dxc5 Bxc5 8. b4 Bd6
9. Bb2 O-O 10. cxd5 exd5 11. Be2 Re8 12. O-O Bf5 13. Rc1 Rc8 14. b5 axb5 15.
Nxb5 Bb8 16. Bxf6 Qxf6 17. Qxd5 Be4 18. Qb3 Ne5 19. Nbd4 Qh6 20. h3 Qd6 21. Rxc8
Rxc8 22. Rd1 h6 23. Qb4 Qg6 24. Nh4 Qf6 25. Ndf3 Bc6 26. Nxe5 Qxe5 27. g3 Ba7
28. Qg4 Re8 29. Bf3 Bb5 30. Nf5 g6 31. Rd5 Qa1+ 32. Rd1 Qe5 33. Rd5 Qa1+ 34. Kh2
Qb2 35. Nxh6+ Kg7 36. Nf5+ Kf8 37. Rxb5 Qxb5 38. Nd6 Qb2 39. Nxe8 Qxf2+ 40. Bg2
Qxe3 41. h4 Qxe8 42. Bxb7 Qe3 43. a4 Kg7 44. Qd1 Bb8 45. Qf3 Qxf3 46. Bxf3 Bc7
47. Kg2 f5 48. Bc6 Ba5 49. Kf3 Be1 50. Be8 1/2-1/2